Golden Age of Hollywood - Real Names of Actors and Actresses - Statistics

General Stats
  • This quiz has been taken 376 times
  • The average score is 8 of 16
Answer Stats
Hint Answer % Correct
Norma Jeane Mortenson Marilyn Monroe
92%
Archibald Leach Cary Grant
71%
Ruth Davis Bette Davis
68%
Doris Kappelhoff Doris Day
65%
Frances Gumm Judy Garland
61%
Joseph Keaton, Jr Buster Keaton
59%
Marion Morrison John Wayne
58%
Lucille LeSueur Joan Crawford
54%
Margarita Cansino Rita Hayworth
48%
Vivian Hartley Vivien Leigh
48%
Julius Marx Groucho Marx
46%
Betty Joan Perske Lauren Bacall
37%
Douglas Ulman Douglas Fairbanks
25%
Gladys Marie Smith Mary Pickford
16%
Joseph Yule, Jr Mickey Rooney
13%
Phylis Isley Jennifer Jones
8%
No matching quizzes found
Score Distribution
Percent of People with Each Score
Percentile by Number Answered
Your Score History
You have not taken this quiz